|
|
|
|
| LEADER |
00620nam a22001812a 4500 |
| 001 |
000468905 |
| 003 |
CZ BrMZK |
| 005 |
20030703093026.0 |
| 008 |
010907s1984 xo f slo d |
| 040 |
|
|
|a BOA001
|b cze
|c BOA002
|
| 100 |
1 |
|
|a Zajko, Marián,
|d 1950-
|7 jx20051213014
|4 aut
|
| 245 |
1 |
0 |
|a Systematický prístup k navrhovaniu programov /
|c Marián Zajko
|
| 260 |
|
|
|a Bratislava :
|b Krajský pedagogický ústav,
|c 1984
|
| 300 |
|
|
|a 45 s.
|
| 504 |
|
|
|a Bibliografie na s. 45
|
| 910 |
|
|
|a BOA001
|b PK-N-0024.074
|
| 990 |
|
|
|a BK
|
| 996 |
7 |
|
|b 3119834362
|c PK-N-0024.074
|l MZK
|r Sklad / do 1 hodiny
|n 0
|w 000468905
|u 000010
|a 1
|e BOA001
|j MZK50
|s A
|